Directorio regional de unidades de información para el desarrollo
Sparad:
| Institutionell upphovsman: | |
|---|---|
| Materialtyp: | Text |
| Publicerad: |
Santiago de Chile:
CEPAL. CLADES
|
| Taggar: |
Lägg till en tagg
Inga taggar, Lägg till första taggen!
|
MARC
| LEADER | 00000 a a2200000 04500 | ||
|---|---|---|---|
| 001 | 22222 | ||
| 003 | |||
| 040 | |||
| 090 | |a 150700 | ||
| 110 | |a CEPAL. CLADES | ||
| 245 | |a Directorio regional de unidades de información para el desarrollo | ||
| 260 | |a Santiago de Chile: |b CEPAL. CLADES | ||
| 300 | |a 169 p.; vol. III | ||
| 999 | |c 14524 |d 14524 | ||
